| 000 | 00801nam a2200241 i 4500 | ||
|---|---|---|---|
| 001 | 131353 | ||
| 003 | ES-MaACL | ||
| 005 | 20250827063223.0 | ||
| 007 | t| | ||
| 008 | 070214e1904 ag b||||r 00|10|spa d | ||
| 080 | _a356.1(82) | ||
| 080 | _a355.1(82) | ||
| 100 | 1 |
_aRodríguez, José E. _eaut _998256 |
|
| 245 | 1 | 3 |
_aEl 3º de Infantería de línea : _b(ensayo histórico) / _cJosé E. Rodríguez |
| 260 |
_aBuenos Aires : _b[s.n.], _c1904 _f(Tall. Tip. de la Penitenciaría Nacional) |
||
| 300 |
_a470 páginas, 7 hojas plegadas de mapas ; _c21 cm |
||
| 650 | 4 |
_aInfantería- _zArgentina _9242081 |
|
| 650 | 0 |
_aEjército- _zArgentina _9242078 |
|
| 852 | 4 |
_aES-MaACL _cDEPO2 _jE-13188 |
|
| 942 |
_2udc _cMONOGRAFIA _n0 |
||
| 999 |
_c131353 _d131353 |
||